| 000 | 00809nam a22002777a 4500 | ||
|---|---|---|---|
| 001 | BR6400016 | ||
| 003 | BR-BrBNA | ||
| 005 | 20230928083412.0 | ||
| 007 | ta | ||
| 008 | 230509b bl.||||| |||| 00| 0 por d | ||
| 040 |
_aBR-BrBNA _bpor _cBiblioteca Nacional de Agricultura |
||
| 041 | _a(Por) | ||
| 072 |
_aF00; H00; F25 _b0332 |
||
| 090 | _ 0332 BR6400016 | ||
| 110 | 1 |
_aSecretaria da Agricultura, Sao Paulo, SP (Brasil). Depto. de Producao Vegetal _98517 |
|
| 245 | 1 | _aCultura do amendoim. Coletanea de artigos [Arachis hipogaea] | |
| 260 | 3 |
_aSao Paulo, SP (Brasil): _c1964. |
|
| 300 | _a69 p. | ||
| 650 | _aProducao vegetal | ||
| 650 | _aDefesa vegetal | ||
| 650 | _aFertilizante | ||
| 650 | _aAmendoim | ||
| 650 | _aPratica cultural | ||
| 909 |
_a202309 _bLucia _c55 _dLucia Elande |
||
| 942 | _cBK | ||
| 999 |
_c13276 _d13276 |
||